000 02172nam a2200349 i 4500
003 EG-GICUC
005 20260513182228.0
008 260513m20022003ua |||fr|||| 00| 0 ara d
017 _a2002/5202
040 _a EG-GICUC
_bara
_c EG-GICUC
_d EG-GICUC
_erda
041 0 _aara
_hara
082 0 4 _221
_a343.4
_bم ع . م
092 0 4 _221
099 _aLaw1 10 343.4 م ع . م 4 ed - 2002
100 0 _aمعوض عبد التواب
_eمؤلف.
245 1 2 _aالموسوعة الشاملة فى شرح التشريعات الجنائية الخاصة :
_bيشتمل على التشريعات الجنائية الخاصة الصادرة حتى سنة ۲۰۰۲ معلقاً عليها بالشرح وأحكام القضاء حتى سنة ٢٠٠٢ وأهم القيود والأوصاف والتعليمات العامة للنيابات /
_nالجزء الأول،
_pإتحاد الناشرين - أثار - أجانب - أجهزة إطفاء حريق - أحداث - أحكام عسكرية - أحوال مدنية -أدوية - إستثمار - استيراد وتصدير - أسلحة وذخائر - إشتباه وتشرد - إشعاعات - اشعال طريق - إعلانات - أغذية /
_cتأليف المستشار الدكتور معوض عبد التواب.
250 _aالطبعة الرابعة
_bمزيدة ومنقحة
264 1 _aالقاهرة :
_bالمركز القومى للإصدارات القانونية،
_c2002.
300 _a564 ؛ صفحة
_c25 سم.
_bإيضاحيات، صور، مثيليات ؛
336 _2rda content
_atext
337 _2rda media
_aComputer
338 _2rda carrier
_aOnline Resource
490 _aالموسوعة الشاملة فى شرح التشريعات الجنائية الخاصة :
_vالجزء الأول
504 _aيشتمل على إرجاعات ببليوجرافية.
546 _aالنص باللغة العربية
650 1 _aالقانون الجنائى
_2qrmak
650 1 _aالتشريعات الجنائية الخاصة
_2qrmak
651 1 _2qrmak
856 4 0 _uhttps://fll.law.cu.edu.eg/fulltext/bks/B10-12131.pdf
905 _a43
942 _2ddc
_cBK
_e21
_n0
999 _c76815
_d76815